000 01566cam a22004454i 4500
003 PE-LiUPU
005 20250731173449.0
008 150616s1991 txu r 000 0 eng d
035 _a(Sirsi) a6312
040 _aPE-LiUPU
_bspa
_cPE-LiUPU
_erda
049 _aPRUA
082 0 4 _a220.63
_bK61
_221
100 1 _aKlein, William W.,
_eautor.
245 1 0 _aIntroduction to Biblical Interpretation /
_cWilliam W. Klein.
264 1 _aDallas :
_bWord Publishing,
_c1991.
300 _a518 páginas ;
_c24 centímetros
336 _atext
_2rdacontent
337 _aunmediated
_2rdamedia
338 _avolume
_2rdacarrier
505 0 _aThe task of interpretation -- The interpreter and the goal -- Understanding literature -- Understanding bible genres -- The fruits of interpretation.
526 _aSEG42
526 _aSEG41
526 _aSEG40
526 _aSEG39
526 _aP94
526 _aP87
526 _aP86
526 _aP85
526 _aP77
526 _aP76
526 _aP35
650 0 4 _aHermenéutica bíblica.
910 _ajck
_bjvq
_cjck
942 _2ddc
_cBOOK
949 _a220.63 K61
_wDEWEY
_c1
_i39784
_lCCODEBUL1
_mBUL
_p00.00
_r0
_sY
_tBOOK
_u19951017
_xTEOLOGIA
_zUNKNOWN
_0COMPRA
_o.STAFF. Colección General
994 _aC0
_bPEPRU
596 _a1
999 _a220.63 K61
_wDEWEY
_c57432
_i39784
_d57432
_e2016-8-15
_f2021-11-9
_g5
_lCCODEBUL1
_mBUL
_n1
_p30.59
_r0
_sY
_tBOOK
_u2015-6-16
_xTEOLOGIA
_PP35
_0COMPRA
_o.STAFF. Colección Teología
980 _81
_gALBERTO SANCHEZ Responsable de Automatización